000 00546nam a22001817a 4500
999 _c6836
_d6836
003 OSt
005 20210322124814.0
008 210322b ||||| |||| 00| 0 eng d
040 _cDDC
082 _a630 SHA 2001
100 _aOhiorhenuan, John
_914014
245 _aSharing Innovative Experiences:examples of successful initiatives in agriculture and rural develpment in the south
_bVol.5
260 _aUSA;
_b UNDP,
_c2001
300 _avi,354p; ill:23cm
504 _aReferences included
650 _aAgriculture
_94591
942 _2z
_cO_SHELF